إعراب المعلقات السبع شرح الزوزي (معلقة امرئ القيس) / (رقم التسجيلة. 247576)

تفاصيل مارك
000 -الفاتح
عناصر البيانات ثابتة الطول 01083nam a22002777i 4500
005 - تاريخ ووقت آخر معاملة
حقل ضبط 20260104090920.0
008 - عناصر البيانات ثابتة الطول
عناصر البيانات ثابتة الطول 250906s2024 jo ||||gr|||| 00| 0 ara d
020 ## - الترقيم الدولي المعياري للكتب (ردمك)
الترقيم الدولي المعياري للكتب (ردمك) 9789923
040 ## - مصدر الفهرسة
هيئة الفهرسة الأصلية JO-AmGAM
قواعد الوصف rda
082 14 - رقم تصنيف ديوي العشري
رقم التصنيف 415.1
رقم المادة ك ي ا
100 1# - مدخل رئيسي – اسم شخصي
الاسم الشخصي الكيالي، عبد الباسط محمد
علاقة الشخص بالعمل/ دوره مؤلف.
245 10 - بيان العنوان
العنوان إعراب المعلقات السبع شرح الزوزي (معلقة امرئ القيس) /
بيان المسؤولية الشاعر الناقد عبد الباسط محمد الكيالي.
250 ## - بيان الطبعة
بيان الطبعة الطبعة الأولى.
264 31 - بيانات النشر، التوزيع…إلخ
مكان النشر، التوزيع...إلخ عمان :
اسم الناشر، الموزع...إلخ دار يافا للنشر والتوزيع،
تاريخ النشر، التوزيع...إلخ 2024.
300 ## - الوصف المادي
عدد الوحدات المكونة للوعاء 150 صفحة.
336 ## - نوع المحتوى
المصدر rdacontent
مصطلح نوع المحتوى نص
كود نوع المحتوى txt
337 ## - نوع الوسيط
المصدر rdamedia
مصطلح نوع الوسيط دون وسيط عرض
كود نوع الوسيط n
338 ## - نوع الحامل
المصدر rdacarrier
مصطلح نوع الحامل مجلد
كود نوع الحامل nc
490 1# - بيان السلسلة
عنوان السلسلة سلسلة إعراب المعلقات السبع.
رقم الوعاء في السلسلة 1
650 17 - مدخل إضافي بالموضوع - مصطلح موضوعي
مصطلح موضوعي أو اسم جغرافي كعنصر مدخل قواعد اللغة.
650 17 - مدخل إضافي بالموضوع - مصطلح موضوعي
مصطلح موضوعي أو اسم جغرافي كعنصر مدخل الإعراب.
650 17 - مدخل إضافي بالموضوع - مصطلح موضوعي
مصطلح موضوعي أو اسم جغرافي كعنصر مدخل المعلقات السبع.
830 #0 - مدخل إضافي بالسلسلة-عنوان مقنن
عنوان السلسسلة سلسلة إعراب المعلقات السبع.
942 ## - بيانات إضافية (كوها)
نوع التنصيف Dewey Decimal Classification
نوع المادة (كوها) كتب
المقتنيات
حالة السحب حالة الفقدان مصدر التصنيف حالة التلف غير قابل للإعارة المكتبة الرئيسية المكتبة الحالية موقع الرف تاريخ التزويد مصدر التزويد العملة التكلفة، سعر الشراء العادي الرقم المتسلسل Total Checkouts رقم الإستدعاء الباركود تاريخ آخر ظهور التكلفة وسعر الاستبدال تاريخ الفاتورة نوع المادة (كوها)
    Dewey Decimal Classification     المكتبة المركزية المكتبة المركزية الإعارة 22/12/2025 56 JOD 6.00 1799423   415.1 / ك ي ا PLD00929083 22/12/2025 6.00 22/12/2025 كتب
    Dewey Decimal Classification     المكتبة المركزية المكتبة المركزية مقتنيات قسم التزويد 22/12/2025 56 JOD 6.00 1799424     PLD00929084 22/12/2025 6.00 22/12/2025 كتب
    Dewey Decimal Classification     مكتبة أم قصير والمقابلين العامة مكتبة أم قصير والمقابلين العامة الإعارة 22/12/2025 56 JOD 6.00 1799428   415.1 / ك ي ا PLD00929088 22/12/2025 6.00 22/12/2025 كتب
    Dewey Decimal Classification     مكتبة الأميرة ايمان العامة مكتبة الأميرة ايمان العامة الإعارة 22/12/2025 56 JOD 6.00 1799425   415.1 / ك ي ا PLD00929085 22/12/2025 6.00 22/12/2025 كتب
    Dewey Decimal Classification     مكتبة الاميرة بديعة مكتبة الاميرة بديعة الإعارة 22/12/2025 56 JOD 6.00 1799429   415.1 / ك ي ا PLD00929089 22/12/2025 6.00 22/12/2025 كتب
    Dewey Decimal Classification     مكتبة الجويدة مكتبة الجويدة الإعارة 17/12/2025 56 JOD 4.20 1799288   415.1 / ك ي ا PLD00928933 17/12/2025 6.00 17/12/2025 كتب
    Dewey Decimal Classification     مكتبة الجويدة مكتبة الجويدة الإعارة 22/12/2025 56 JOD 6.00 1799431   415.1 / ك ي ا PLD00929091 22/12/2025 6.00 22/12/2025 كتب
    Dewey Decimal Classification     مكتبة الحسن العامة مكتبة الحسن العامة الإعارة 22/12/2025 56 JOD 6.00 1799430   415.1 / ك ي ا PLD00929090 22/12/2025 6.00 22/12/2025 كتب
    Dewey Decimal Classification     مكتبة حمزة العامة مكتبة حمزة العامة الإعارة 22/12/2025 56 JOD 6.00 1799432   415.1 / ك ي ا PLD00929092 22/12/2025 6.00 22/12/2025 كتب
    Dewey Decimal Classification     مكتبة صويلح العامة مكتبة صويلح العامة الإعارة 22/12/2025 56 JOD 6.00 1799427   415.1 / ك ي ا PLD00929087 22/12/2025 6.00 22/12/2025 كتب
    Dewey Decimal Classification     مكتبة وادي السير العامة مكتبة وادي السير العامة الإعارة 22/12/2025 56 JOD 6.00 1799426   415.1 / ك ي ا PLD00929086 22/12/2025 6.00 22/12/2025 كتب
Implemented & Customized by: BBB with SCIT (Smart Chains for Information Technology)

Powered by Koha